000 00294nam a22001337a 4500
008 170830b xxu||||| |||| 00| 0 eng d
020 _a9780073526188
041 _aeng
080 _28 ED
_a070
100 _a39
101 _aMED
245 _aMASS MEDIA LAW
_cPEMBER.D.R
942 _2udc
_cBK
999 _c25530
_d25530